Normal view MARC view
  • Economics

Entry Topical Term

Number of records used in: 4

001 - CONTROL NUMBER

  • control field: 36720

003 - CONTROL NUMBER IDENTIFIER

  • control field: OSt

005 - DATE AND TIME OF LATEST TRANSACTION

  • control field: 20141201104847.0

008 - FIXED-LENGTH DATA ELEMENTS

  • fixed length control field: 141201|| aca||babn | a|a d

040 ## - CATALOGING SOURCE

  • Original cataloging agency: OSt

150 ## - HEADING--TOPICAL TERM

  • Topical term or geographic name as entry element: Economics
  • General subdivision: Psychological aspects

450 ## - SEE FROM TRACING--TOPICAL TERM

  • Topical term or geographic name entry element: Behavioral economics

450 ## - SEE FROM TRACING--TOPICAL TERM

  • Topical term or geographic name entry element: Behavioural economics